Business policy: strategy formation and management action. (2nd ed.) (Record no. 79058)

MARC details
000 -LEADER
fixed length control field 02012nam a2200277 a 4500
008 - FIXED-LENGTH DATA ELEMENTS--GENERAL INFORMATION
fixed length control field 120416s1976 ||||||||||||||||| || u
050 ## - LIBRARY OF CONGRESS CALL NUMBER
Classification number HD 31 Glu
100 ## - MAIN ENTRY--PERSONAL NAME
Personal name Glueck, William F
245 10 - TITLE STATEMENT
Title Business policy: strategy formation and management action. (2nd ed.)
250 ## - EDITION STATEMENT
Edition statement 2nd ed.
260 ## - PUBLICATION, DISTRIBUTION, ETC.
Place of publication, distribution, etc. Tokyo:
Name of publisher, distributor, etc. MacGraw-Hill Kogahusha
Date of publication, distribution, etc. 1976
350 ## -
-- 0.00
650 #0 - SUBJECT ADDED ENTRY--TOPICAL TERM
Topical term or geographic name entry element MANAGEMENT
650 ## - SUBJECT ADDED ENTRY--TOPICAL TERM
Topical term or geographic name entry element STRATEGIC MANAGEMENT
650 ## - SUBJECT ADDED ENTRY--TOPICAL TERM
Topical term or geographic name entry element BUSINESS MANAGEMENT
995 ## -
-- ANNEX COLLECTION (Main Library)
-- 0.00
-- 701809
-- CBU-MAIN LIBRARY (Kitwe)
-- 8
-- 0.00
-- HD 31 Glu
-- 1
-- AVAILABLE
-- 000478
-- Annex Low-Usage Collection
995 ## -
-- BINDERY (DAMAGED)
-- 0.00
-- 702840
-- CBU-MAIN LIBRARY (Kitwe)
-- 4
-- 0.00
-- HD 31 Glu
-- 8
-- DAMAGED
-- 702840
-- Main Library Open Access Collection
995 ## -
-- ANNEX COLLECTION (Main Library)
-- 0.00
-- 701813
-- CBU-MAIN LIBRARY (Kitwe)
-- 11
-- 0.00
-- HD 31 Glu
-- 4
-- AVAILABLE
-- 000481
-- Annex Low-Usage Collection
995 ## -
-- ANNEX COLLECTION (Main Library)
-- 0.00
-- 702841
-- CBU-MAIN LIBRARY (Kitwe)
-- 6
-- 0.00
-- HD 31 Glu
-- 6
-- AVAILABLE
-- 000483
-- Annex Low-Usage Collection
995 ## -
-- ANNEX COLLECTION (Main Library)
-- 0.00
-- 702843
-- CBU-MAIN LIBRARY (Kitwe)
-- 7
-- 0.00
-- HD 31 Glu
-- 5
-- AVAILABLE
-- 000482
-- Annex Low-Usage Collection
995 ## -
-- ANNEX COLLECTION (Main Library)
-- 0.00
-- 701812
-- CBU-MAIN LIBRARY (Kitwe)
-- 1
-- 0.00
-- HD 31 Glu
-- 3
-- AVAILABLE
-- 000480
-- Annex Low-Usage Collection
995 ## -
-- BINDERY (DAMAGED)
-- 0.00
-- 701814
-- CBU-MAIN LIBRARY (Kitwe)
-- 10
-- 0.00
-- HD 31 Glu
-- 11
-- DAMAGED
-- 701814
-- Main Library Open Access Collection
995 ## -
-- ANNEX COLLECTION (Main Library)
-- 0.00
-- 701811
-- CBU-MAIN LIBRARY (Kitwe)
-- 3
-- 0.00
-- HD 31 Glu
-- 2
-- AVAILABLE
-- 000479
-- Annex Low-Usage Collection
995 ## -
-- BINDERY (DAMAGED)
-- 0.00
-- 702842
-- CBU-MAIN LIBRARY (Kitwe)
-- 5
-- 0.00
-- HD 31 Glu
-- 9
-- DAMAGED
-- 702842
-- Main Library Open Access Collection
995 ## -
-- BINDERY (DAMAGED)
-- 0.00
-- 701808
-- CBU-MAIN LIBRARY (Kitwe)
-- 2
-- 0.00
-- HD 31 Glu
-- 7
-- DAMAGED
-- 701808
-- Main Library Open Access Collection
999 ## -
-- 79058
-- 79058

No items available.